[Event "Match"]
[Site "www.echecsemail.com"]
[Date "2015.09.28"]
[Round "1"]
[White "Jjmcbride"]
[Black "Pinehill"]
[WhiteElo "1940"]
[BlackElo "1980"]
[Result "0-1"]
[Round "1"]
1.e4 d5
2.e5 c5
3.d4 Nb8c6
4.c3 Bc8f5
5.Bf1d3 Bf5xd3
6.Qd1xd3 e6
7.Ng1f3 Bf8e7
8.c4 cxd4
9.O-O Nc6b4
10.Qd3e2 d3
11.Qe2d1 dxc4
12.Qd1a4 Qd8d7
13.Qa4xd7 Kxd7
14.Nb1a3 Ra8c8
15.Bc1d2 a6
16.Bd2xb4 Be7xb4
17.Nf3e1 Ng8e7
18.Ne1f3 Bb4xa3
19.bxa3 h6
20.Rf1d1 Rh8d8
21.Nf3d4 Ke8
22.Nd4f3 c3
23.Ra1c1 Ne7f5
 { time }
0-1

[Event "Match"]
[Site "www.echecsemail.com"]
[Date "2015.09.28"]
[Round "1"]
[White "Nugun"]
[Black "Jhw"]
[WhiteElo "1680"]
[BlackElo "1779"]
[Result "0-1"]
[Round "1"]
1.c4 e6
2.Nb1c3 b6
3.Ng1f3 g6
4.g3 d5
5.d4 dxc4
6.e4 Bc8a6
7.Bf1g2 f6
8.e5 f5
9.Nf3g5 c6
10.O-O Bf8e7
11.Ng5xe6 Qd8c8
12.d5 cxd5
13.Nc3xd5 Be7d8
14.Bc1g5 Ng8e7
15.Nd5f6 Kf7
16.Bg2d5 Ne7xd5
17.Qd1xd5 Ba6b7
 { time }
0-1

[Event "Match"]
[Site "www.echecsemail.com"]
[Date "2015.09.28"]
[Round "1"]
[White "Obisporey"]
[Black "Andychesston"]
[WhiteElo "2630"]
[BlackElo "2020"]
[Result "1-0"]
[Round "1"]
1.e4 e5
2.Ng1f3 Nb8c6
3.d4 d6
4.Bf1b5 Bc8g4
5.c3 Bf8e7
6.d5 a6
7.Bb5d3 Ng8f6
8.dxc6 bxc6
9.h3 Bg4h5
10.Bc1e3 O-O
11.Nb1d2 Qd8c8
12.Qd1a4 c5
13.g4 Bh5g6
14.Nf3h4 h6
15.Nh4xg6 fxg6
16.Qa4c6 Nf6d7
17.Bd3c4 Kh7
18.Bc4e6 Nd7b8
19.Be6xc8 Nb8xc6
20.Bc8b7 Ra8b8
21.Bb7xc6 Rb8xb2
22.Ke2 Be7h4
23.Rh1b1 Rb2b6
24.Rb1xb6 cxb6
25.Nd2c4 Rf8c8
26.Bc6d5 Bh4e7
27.Nc4xb6 Rc8b8
28.Nb6c4 g5
29.Kd3 Kg6
30.Kc2 Kh7
31.Ra1b1 Rb8f8
32.Rb1b7 Rf8e8
33.Bd5f7 Re8f8
34.Rb7xe7 g6
35.Bf7d5 Kh8
36.Nc4xd6 h5
37.Nd6f7 Kg7
38.Nf7xg5 Kf6
39.Re7c7 hxg4
40.Ng5h7 
1-0

[Event "1/64 Finale"]
[Site "www.chess-mail.com"]
[Date "2015.09.28"]
[Round "1"]
[White "Osopanda"]
[Black "Julian"]
[WhiteElo "1930"]
[BlackElo "1820"]
[Result "1-0"]
[Round "1"]
1.c4 Ng8f6
2.d4 g6
3.Nb1c3 Bf8g7
4.e4 d6
5.f4 O-O
6.Ng1f3 c6
7.Bf1d3 Qd8c7
8.O-O e5
9.fxe5 dxe5
10.d5 cxd5
11.cxd5 Bc8g4
12.Bc1e3 Nb8d7
13.Ra1c1 Qc7a5
14.a3 Ra8c8
15.Bd3b5 Rf8d8
16.h3 a6
17.Bb5e2 Bg4xf3
18.Rf1xf3 b5
19.g4 Nf6e8
20.Qd1f1 f6
21.g5 Ne8d6
22.gxf6 Nd7xf6
23.Rf3xf6 Bg7xf6
24.Qf1xf6 Qa5c7
25.Be2g4 Nd6xe4
26.Nc3xe4 Qc7a5
27.Rc1xc8 Rd8xc8
28.Bg4e6 { resign }
1-0

[Event "1/128 Finale"]
[Site "www.chess-mail.com"]
[Date "2015.09.28"]
[Round "1"]
[White "Norlavuaram"]
[Black "Executive"]
[WhiteElo "2100"]
[BlackElo "1889"]
[Result "1-0"]
[Round "1"]
1.e4 g6
2.d4 Bf8g7
3.c4 c5
4.Ng1f3 cxd4
5.Nf3xd4 Nb8c6
6.Nd4c2 d6
7.Bf1e2 Ng8f6
8.Nb1c3 O-O
9.O-O Bc8e6
10.Bc1e3 Nc6e5
11.b3 Qd8c7
12.Nc3b5 Qc7b8
13.Nb5d4  { time }
1-0

[Event "1/64 Finale"]
[Site "www.chess-mail.com"]
[Date "2015.09.28"]
[Round "1"]
[White "Amaya"]
[Black "Llord"]
[WhiteElo "2020"]
[BlackElo "1860"]
[Result "1-0"]
[Round "1"]
1.d4 e6
2.e3 d5
3.Bf1d3 Nb8c6
4.c3 Ng8f6
5.Nb1d2 Bf8d6
6.f4 O-O
7.Ng1f3 Nc6e7
8.O-O Ne7f5
9.Qd1e2 b6
10.Nf3e5 Bc8b7
11.Qe2f3 Nf5h4
12.Qf3h3 Nf6e8
13.Nd2f3 Nh4xf3
14.Rf1xf3 h6
15.Rf3g3 Qd8f6
16.Ne5d7 Qf6e7
17.Qh3xh6 g6
18.Rg3h3 { resign }
1-0

[Event "Eq:Los Tercios-La Taverne : "]
[Site "www.chess-mail.com"]
[Date "2015.09.28"]
[Round "1"]
[White "Gilliere"]
[Black "Vasylpuzanov"]
[WhiteElo "1800"]
[BlackElo "2280"]
[Result "1-0"]
[Round "1"]
1.e4 e5
2.Ng1f3 Nb8c6
3.Bf1b5 a6
4.Bb5xc6 dxc6
5.h3 Qd8f6
6.d3 h6
7.Nb1d2 Bf8c5
8.O-O Bc8e6
9.b3 Ng8e7
10.Bc1b2 Ne7g6
11.Nf3h2 O-O-O
12.Nd2c4 Be6xc4
13.bxc4  { time }
1-0

[Event "Fast Game"]
[Site "www.echecsemail.com"]
[Date "2015.09.28"]
[Round "1"]
[White "Jhw"]
[Black "Mitja"]
[WhiteElo "1860"]
[BlackElo "1730"]
[Result "0-1"]
[Round "1"]
1.e3 d5
2.c4 dxc4
3.Bf1xc4 e6
4.Nb1c3 c6
5.a3 Ng8f6
6.b4 Nb8d7
7.d4 Nd7b6
8.Bc4d3 Nb6d5
9.Nc3xd5 Nf6xd5
10.Bc1b2 a6
11.Qd1c2 b5
12.g3 Bf8e7
13.Bd3xh7 g6
14.Bh7xg6 fxg6
15.Qc2xg6 Kd7
16.Ng1f3 Kc7
17.Nf3e5 Rh8g8
18.Qg6e4 Be7d6
19.Qe4h7 Kb6
20.Ne5f7 Qd8f8
21.Nf7xd6 Rg8g7
22.Nd6xc8 Ra8xc8
23.Qh7c2 Rg7f7
24.e4 Nd5e7
25.Qc2c5 Kb7
26.f4 Qf8g8
27.a4 Qg8g4
28.a5 Rc8a8
29.Qc5d6 Ne7c8
30.Qd6c5 Qg4f3
31.Rh1f1 Qf3e3
32.Kd1 Qe3d3
33.Ke1 Qd3xe4
34.Kf2 Rf7f5
35.Qc5c1 Nc8d6
 { time }
0-1

[Event "Tourn. n8314"]
[Site "www.chess-mail.com"]
[Date "2015.09.29"]
[Round "1"]
[White "Fvdp"]
[Black "Greghghs"]
[WhiteElo "2320"]
[BlackElo "2380"]
[Result "1-0"]
[Round "1"]
1.e4 c5
2.Nb1c3 Nb8c6
3.g3 g6
4.Bf1g2 Bf8g7
5.d3 d6
6.f4 e6
7.Ng1f3 Ng8e7
8.O-O O-O
9.Bc1e3 b6
10.Ra1b1 Nc6d4
11.e5 Nd4xf3
12.Bg2xf3 d5
13.Be3f2 Bc8a6
14.Rf1e1 Ra8c8
15.d4 cxd4
16.Qd1xd4 Ba6c4
17.b3 Bc4a6
18.Bf3e2 Ba6xe2
19.Re1xe2 Ne7c6
20.Qd4d2 Rf8e8
21.Nc3b5 Bg7f8
22.c3 Qd8d7
23.Nb5d4 Nc6xd4
24.Bf2xd4 Bf8c5
{ time. }
1-0

[Event "Tourn. n8314"]
[Site "www.chess-mail.com"]
[Date "2015.09.29"]
[Round "1"]
[White "Greghghs"]
[Black "Manolinex"]
[WhiteElo "2380"]
[BlackElo "2700"]
[Result "0-1"]
[Round "1"]
1.e4 e5
2.Ng1f3 Nb8c6
3.Nb1c3 Ng8f6
4.d4 exd4
5.Nf3xd4 Bf8b4
6.Nd4xc6 bxc6
7.Bf1d3 O-O
8.O-O d5
9.exd5 cxd5
10.h3 c6
11.Qd1f3 Ra8b8
12.Nc3e2 Qd8c7
13.b3 Bb4d6
14.Bc1b2 Bd6h2
15.Kh1 Bh2e5
16.Bb2xe5 Qc7xe5
17.Ne2f4 Bc8d7
18.Rf1e1 Qe5d6
19.a4 Rb8e8
20.Ra1d1 g6
21.Re1e2 Re8xe2
22.Nf4xe2 Kg7
23.Ne2c3 Rf8e8
24.Rd1g1 Qd6e5
25.Nc3e2 Bd7f5
26.Ne2f4 Bf5e4
27.Bd3xe4 Nf6xe4
28.Nf4d3 Qe5c3
29.Qf3d1 Qc3xd3
30.cxd3 Ne4xf2
31.Kh2 Nf2xd1
32.Rg1xd1 Kf6
33.Rd1c1 Re8e6
34.b4 { time. }
0-1

[Event "Tourn. n8371"]
[Site "www.chess-mail.com"]
[Date "2015.09.29"]
[Round "1"]
[White "Giupiter"]
[Black "Daquata"]
[WhiteElo "1509"]
[BlackElo "1660"]
[Result "0-1"]
[Round "1"]
1.d4 Ng8f6
2.c4 e6
3.Bc1g5 Bf8e7
4.Nb1c3 O-O
5.a3 d5
6.Ng1f3 dxc4
7.e4 Nb8c6
8.Bf1xc4 h6
9.e5 hxg5
10.Nf3xg5 Qd8xd4
11.Qd1xd4 Nc6xd4
12.O-O-O Nf6d7
13.Rd1xd4 Be7xg5
14.f4 Bg5e7
15.Nc3b5 Be7c5
16.Rd4d3 Bc5b6
17.b4 a6
18.Nb5d4 Bb6xd4
19.Rd3xd4 b5
20.Bc4e2 Nd7b6
21.Be2f3 Ra8b8
 { time }
0-1

[Event "Tourn. n8387"]
[Site "www.chess-mail.com"]
[Date "2015.09.29"]
[Round "1"]
[White "Nugun"]
[Black "Iko"]
[WhiteElo "1700"]
[BlackElo "1620"]
[Result "0-1"]
[Round "1"]
1.c4 c5
2.Nb1c3 e5
3.g3 Nb8c6
4.Bf1g2 Ng8f6
5.Ng1f3 Bf8d6
6.Nf3g5 Nf6h5
7.e3 Qd8xg5
 { time }
0-1

[Event "Tourn. n8397"]
[Site "www.chess-mail.com"]
[Date "2015.09.29"]
[Round "1"]
[White "Attatroll"]
[Black "Culiflori"]
[WhiteElo "1920"]
[BlackElo "2050"]
[Result "0-1"]
[Round "1"]
1.e4 e5
2.Ng1f3 Nb8c6
3.d4 exd4
4.Bf1c4 Bf8b4
5.c3 dxc3
6.Nb1xc3 Nc6a5
7.Qd1d5 Bb4xc3
8.bxc3 Na5xc4
9.Qd5xc4 d6
10.O-O Ng8f6
11.Bc1g5 h6
12.Bg5xf6 Qd8xf6
13.Qc4xc7 O-O
14.Rf1d1 Bc8g4
15.Rd1xd6 Qf6f4
16.Rd6d7 Bg4xf3
17.gxf3 Qf4xf3
18.Ra1e1 Ra8b8
19.Re1e3 Qf3g4
20.Kf1 Rf8c8
21.Qc7d6 Rc8e8
22.Qd6d5 Qg4e6
23.Rd7xb7 Rb8xb7
24.Qd5xb7 Qe6xa2
25.e5 a5
26.Qb7b5 Re8e6
27.Re3e2 Qa2a1
28.Re2e1 Qa1xc3
29.Qb5b8 Kh7
30.Qb8b1 g6
31.Qb1b8 Kg7
32.Qb8a8 Re6xe5
33.Re1d1 Qc3h3
34.Qa8g2 Qh3xg2
35.Kxg2 a4
36.Rd1a1 Re5a5
37.Kf3 Kf6
{ resign }
0-1

[Event "Tourn. n8341"]
[Site "www.chess-mail.com"]
[Date "2015.09.29"]
[Round "1"]
[White "Cheminet"]
[Black "Alessiov"]
[WhiteElo "1520"]
[BlackElo "1610"]
[Result "1-0"]
[Round "1"]
1.e4 c5
2.Bf1c4 Ng8f6
3.Nb1c3 e6
4.e5 d5
5.Bc4b5 Nf6d7
6.f4 Qd8c7
7.Ng1f3 a6
8.Bb5xd7 Bc8xd7
9.d3 Bf8e7
10.O-O O-O
11.f5 Nb8c6
12.Bc1g5 Be7xg5
13.Nf3xg5 exf5
14.Nc3xd5 Qc7xe5
15.Nd5b6  { time }
1-0

[Event "Tourn. n8325"]
[Site "www.chess-mail.com"]
[Date "2015.09.29"]
[Round "1"]
[White "Yangqi"]
[Black "Rons"]
[WhiteElo "2470"]
[BlackElo "2540"]
[Result "1-0"]
[Round "1"]
1.e4 c5
2.a3 g6
3.b4 Bf8g7
4.Nb1c3 d6
5.g3 Nb8c6
6.Ra1b1 cxb4
7.axb4 Ng8f6
8.Bf1g2 h5
9.d4 h4
10.Ng1e2 Bc8d7
11.O-O a6
12.Bc1g5 h3
13.Bg2f3 O-O
14.Qd1d3 e5
15.d5 Nc6a7
16.Nc3d1 Na7b5
17.c4 Nb5d4
18.Ne2xd4 exd4
19.Nd1b2 Rf8e8
20.Rf1e1 Qd8b6
21.Qd3a3 a5
22.b5 Qb6c7
23.Bg5f4 Bg7f8
24.Qa3d3 a4
25.Rb1a1 a3
26.Ra1xa3 Ra8xa3
27.Qd3xa3 Bd7f5
28.Qa3d3 Bf8g7
29.Kf1 Bf5g4
30.Bf3xg4 Nf6xg4
31.f3 Ng4e3
32.Bf4xe3 dxe3
33.Nb2d1 Re8a8
34.Nd1xe3 Qc7c5
35.f4 Ra8a2
36.e5 Ra2xh2
37.Kg1 Rh2g2
38.Kh1 Qc5b4
39.Re1b1 Rg2b2
40.Rb1xb2 Qb4xb2
41.e6 Kf8
42.Ne3c2 Qb2c3
43.Qd3xc3 Bg7xc3
44.exf7 Kxf7
45.Kh2 Kf6
46.Nc2e3 Bc3d2
47.Ne3f1 Bd2c1
48.Kxh3 Kf5
49.Kh4 b6
50.Nf1h2 Bc1b2
51.Nh2f3 Bb2f6
52.Kh3 Ke4
53.Kg4 Kd3
54.f5 Kxc4
55.fxg6 { resign }
1-0

[Event "Tourn. n8331"]
[Site "www.chess-mail.com"]
[Date "2015.09.29"]
[Round "1"]
[White "Geretree"]
[Black "Jjmcbride"]
[WhiteElo "1870"]
[BlackElo "1880"]
[Result "1-0"]
[Round "1"]
1.d4 d5
2.c4 b6
3.Nb1c3 dxc4
4.Qd1a4 Qd8d7
5.Qa4xd7 Bc8xd7
6.e4 e6
7.Bf1xc4 Ng8f6
8.e5 Nf6d5
9.Bc4xd5 exd5
10.Nc3xd5 Nb8a6
11.a3 Bd7c6
12.Nd5c3 Bc6xg2
13.Ng1e2 Bg2xh1
14.Ne2f4 c6
15.Bc1e3 g5
16.Nf4h5 Bf8e7
17.Nh5g7 Kd8
18.O-O-O Bh1f3
19.Rd1d2 Bf3g4
20.f3 Bg4xf3
21.Rd2f2 g4
22.Ng7f5 Be7f8
23.Be3g5 Kd7
24.Nf5e3 h5
25.h4 Bf8h6
26.b4 Bh6xg5
27.hxg5 Ra8g8
28.b5 Na6b8
{ time. }
1-0

[Event "Tourn. n8331"]
[Site "www.chess-mail.com"]
[Date "2015.09.29"]
[Round "1"]
[White "Azulmarino"]
[Black "Jjmcbride"]
[WhiteElo "1660"]
[BlackElo "1880"]
[Result "1-0"]
[Round "1"]
1.e4 e5
2.Ng1f3 d6
3.Nb1c3 f5
4.Bf1b5 c6
5.Bb5c4 f4
6.d3 g5
7.Nc3e2 g4
8.Nf3g1 Qd8f6
9.Bc1d2 Bc8e6
10.f3 gxf3
11.Ng1xf3 Nb8d7
12.Bd2c3 Be6g4
13.Qd1d2 Bg4xf3
14.gxf3 Qf6h4
15.Kd1 Qh4f2
{ time. }
1-0

[Event "Match"]
[Site "www.echecsemail.com"]
[Date "2015.09.29"]
[Round "1"]
[White "Daviko"]
[Black "Carlosto"]
[WhiteElo "1499"]
[BlackElo "999"]
[Result "0-1"]
[Round "1"]
1.c4 e6
2.d3 Nb8c6
3.a3 f5
4.Ng1f3 Ng8f6
5.Nb1c3 Bf8c5
6.Bc1f4 O-O
7.Nc3b5 a6
8.Nb5xc7 Ra8a7
9.Nf3g5 Bc5b6
10.Nc7xe6 dxe6
11.Ng5xe6 Bc8xe6
12.e4 Rf8e8
13.e5 Ra7a8
14.exf6 Be6xc4
15.Kd2 Qd8d4
16.Ra1c1 Qd4xf4
17.Kc2 Nc6d4
18.Kb1 Ra8c8
19.Qd1a4 Bc4b5
20.Qa4d1 Qf4xf2
21.Bf1e2 Re8xe2
22.Rc1xc8 Bb5e8
23.Qd1a4 Re2xb2
24.Kc1 Qf2d2
{ resign }
0-1

[Event "Match"]
[Site "www.echecsemail.com"]
[Date "2015.09.29"]
[Round "1"]
[White "Nugun"]
[Black "Daquata"]
[WhiteElo "1700"]
[BlackElo "1660"]
[Result "0-1"]
[Round "1"]
1.c4 Ng8f6
2.g3 g6
3.Nb1c3 Bf8g7
4.Bf1g2 O-O
5.e3 d6
6.d4 e6
7.Ng1e2 Nb8c6
8.O-O Ra8b8
9.Ne2f4 Rf8e8
10.d5 exd5
11.cxd5 Nc6e5
12.e4 Bc8g4
13.f3 Bg4d7
14.Bc1e3 Ne5c4
15.Be3d4 c5
16.Bd4f2 b5
17.Qd1d3 Nc4xb2
18.Qd3c2 Nb2c4
 { time }
0-1

[Event "Match"]
[Site "www.echecsemail.com"]
[Date "2015.09.29"]
[Round "1"]
[White "Rindrandria"]
[Black "Ranjachess"]
[WhiteElo "1550"]
[BlackElo "1750"]
[Result "0-1"]
[Round "1"]
1.e4 e5
2.g4 Bf8c5
3.Ng1f3 d6
4.Bf1h3 Ng8f6
5.d4 exd4
6.Nf3xd4 Nf6xe4
7.O-O O-O
8.Nd4f5 Ne4xf2
9.Rf1xf2 Bc5xf2
10.Kxf2 Bc8xf5
11.gxf5 Rf8e8
12.Qd1g4 Nb8d7
13.Bc1h6 Qd8f6
14.Qg4a4 Nd7c5
15.Qa4b4 Qf6xh6
16.Qb4g4 Re8e4
17.Qg4g2 Ra8e8
18.Bh3g4 Qh6h4
19.Qg2g3 Qh4xg4
20.Qg3xg4 Re4xg4
21.b4 Rg4xb4
22.Nb1c3 Nc5e4
23.Nc3xe4 Rb4xe4
24.Ra1c1 g6
25.Kf3 gxf5
26.Rc1g1 Re4g4
27.Rg1xg4 fxg4
28.Kxg4 Re8e2
{ resign }
0-1

[Event "Match"]
[Site "www.echecsemail.com"]
[Date "2015.09.29"]
[Round "1"]
[White "Norbos"]
[Black "Bibliophile"]
[WhiteElo "1620"]
[BlackElo "1499"]
[Result "1-0"]
[Round "1"]
1.e4 Ng8f6
2.Nb1c3 Nb8c6
3.Ng1f3 d6
4.Nf3g5 h6
5.Ng5f3 Nf6g4
6.h3 Ng4e5
7.Bf1b5 Bc8e6
8.d4 Be6c4
9.Nf3xe5 dxe5
10.Bb5xc4 Nc6xd4
11.Qd1g4 Nd4xc2
12.Kf1 Nc2xa1
13.Qg4f3  { time }
1-0

[Event "Match"]
[Site "www.echecsemail.com"]
[Date "2015.09.29"]
[Round "1"]
[White "Mdesouza"]
[Black "Kcriss"]
[WhiteElo "2250"]
[BlackElo "1779"]
[Result "0-1"]
[Round "1"]
1.e4 e5
2.Ng1f3 Ng8f6
3.Nf3xe5 Qd8e7
4.Ne5f3 Nf6xe4
5.Qd1e2 d5
6.d3 Ne4f6
7.Bc1g5 Bc8e6
8.Nb1c3 Nb8c6
9.Bg5xf6 Qe7xf6
10.O-O-O d4
11.Nc3e4 Qf6h6
12.Kb1 O-O-O
13.h3 Be6xa2
14.Kxa2 Nc6b4
15.Kb1 Qh6a6
16.Kc1 Qa6a1
17.Kd2 Qa1xb2
18.Rd1c1 Nb4a2
19.Qe2d1 Bf8b4
{ resign }
0-1

[Event "Match"]
[Site "www.echecsemail.com"]
[Date "2015.09.29"]
[Round "1"]
[White "Azulmarino"]
[Black "Raulazo"]
[WhiteElo "1660"]
[BlackElo "1980"]
[Result "0-1"]
[Round "1"]
1.e4 e5
2.Ng1f3 Nb8c6
3.Bf1c4 Qd8f6
4.Qd1e2 b6
5.Bc4b5 Bc8b7
6.c3 Bf8c5
7.Bb5a6 Ra8b8
8.b3 Ng8e7
9.d3 Bb7xa6
10.Bc1g5 Qf6g6
11.Nb1d2 O-O
12.O-O f6
13.Bg5h4 Nc6d8
14.c4 Nd8e6
15.h3 Ne6f4
16.Bh4g3 Nf4xe2
17.Kh1 Ne2xg3
18.fxg3 Qg6xg3
19.Ra1e1 Bc5b4
20.Re1d1 Ne7g6
21.Kg1 Ng6f4
22.Rf1f2 Bb4c5
23.Rd1f1 Nf4xh3
24.Kh1 Bc5xf2
25.Nf3h2 Nh3f4
{ resign }
0-1

[Event "Match"]
[Site "www.echecsemail.com"]
[Date "2015.09.29"]
[Round "1"]
[White "Rotorist"]
[Black "Chapi"]
[WhiteElo "1499"]
[BlackElo "2030"]
[Result "0-1"]
[Round "1"]
1.e4 c5
2.c4 Nb8c6
3.Ng1f3 d6
4.a3 Ng8f6
5.Qd1a4 Nf6xe4
6.Bf1d3 f5
7.Nb1c3 Ne4xc3
8.Qa4b3 Nc3e4
9.O-O g6
10.Rf1e1 Ne4f6
11.Qb3a4 Bc8d7
12.b4 Nc6xb4
13.Qa4b3 Nb4xd3
14.Qb3xd3 Bf8g7
 { time }
0-1

[Event "Match"]
[Site "www.echecsemail.com"]
[Date "2015.09.29"]
[Round "1"]
[White "Pellix84"]
[Black "Darknight"]
[WhiteElo "1980"]
[BlackElo "1660"]
[Result "0-1"]
[Round "1"]
1.d4 d5
2.Ng1f3 f6
3.e3 h5
4.h4 g6
5.Bf1d3 Bc8f5
6.Bd3xf5 gxf5
7.Nb1d2 e6
8.a3 Nb8c6
9.c4 Nc6a5
10.Qd1a4 Na5c6
11.cxd5 exd5
12.b4 a6
13.Qa4c2 Ng8h6
14.Nd2b3 Qd8e7
15.Bc1b2 O-O-O
16.Qc2d3 Rd8e8
17.Bb2c3 Qe7g7
18.O-O Bf8d6
19.Rf1c1 Re8g8
20.Nf3e1 Nc6e7
21.Nb3c5 Bd6xc5
22.bxc5 c6
23.Ra1b1 Ne7g6
24.Rc1c2 Rg8f8
25.Rc2b2 Rf8f7
26.Qd3e2 Ng6xh4
27.Bc3a5 Rh8g8
28.f3 Nh4g6
29.Ne1d3 Ng6h4
30.Nd3f4 Qg7g3
31.Rb1f1 Rf7g7
32.Ba5e1 Qg3g5
33.Rf1f2 Rg7e7
34.g3 Re7g7
35.Rf2h2 Nh4xf3
36.Qe2xf3 h4
37.Nf4e6 Qg5g4
38.Qf3xg4 Rg7xg4
39.Rb2g2 Rg4e4
40.Rh2xh4 Nh6g4
41.Ne6f4 Re4xe3
42.Be1f2 Re3xa3
43.Kf1 Ra3a1
44.Ke2 Rg8e8
45.Kd3 Ra1a2
46.Rh4xg4 fxg4
47.Bf2g1 Ra2a3
48.Kd2 Ra3a1
49.Kc2 Re8e1
50.Nf4e2 a5
{ resign }
0-1

[Event "1/128 Finale"]
[Site "www.chess-mail.com"]
[Date "2015.09.29"]
[Round "1"]
[White "Madz123456"]
[Black "Hennie4820"]
[WhiteElo "2220"]
[BlackElo "1970"]
[Result "1-0"]
[Round "1"]
1.e4 c5
2.Ng1f3 e6
3.d4 cxd4
4.Nf3xd4 Ng8f6
5.Nb1c3 Qd8b6
6.e5 Bf8c5
7.Bc1e3 Nf6d5
8.Nc3xd5 exd5
9.Bf1e2 Nb8c6
10.c3 Nc6xe5
11.b4 Bc5xd4
12.Qd1xd4 Qb6xd4
13.cxd4 Ne5c4
14.Be2f3 Nc4b6
15.a4 a5
16.O-O O-O
17.Be3f4 d6
18.Bf4xd6 Bc8e6
19.Bd6xf8 Ra8xf8
20.bxa5 Nb6c4
21.Rf1b1 Nc4xa5
22.Rb1b5 Na5c4
23.Rb5xb7 Rf8a8
24.a5 g6
25.a6 Nc4d6
26.Rb7b3 Ra8a7
27.Rb3b6 Nd6c4
28.Rb6b7 Ra7a8
29.a7 { resign }
1-0

[Event "Eq:Slap Shot Mates-Team USA : "]
[Site "www.chess-mail.com"]
[Date "2015.09.29"]
[Round "1"]
[White "Geodad5"]
[Black "Olddog55"]
[WhiteElo "2180"]
[BlackElo "1710"]
[Result "1-0"]
[Round "1"]
1.e4 e5
2.Ng1f3 Ng8f6
3.d3 Nb8c6
4.Nb1c3 g6
5.Bf1e2 Bf8g7
6.O-O O-O
7.h3 d5
8.exd5 Nf6xd5
9.Nc3xd5 Qd8xd5
10.c3 h5
11.Qd1c2 Bc8f5
12.Bc1e3 e4
13.dxe4 Bf5xe4
14.Qc2d2 Ra8d8
15.Qd2xd5 Be4xd5
16.a3 f5
17.Ra1d1 Nc6e7
18.Nf3d4 f4
19.Be3c1 Rd8e8
20.Nd4f3 Bd5b3
21.Rd1d7 Ne7f5
22.Be2d3 Re8e7
23.Rd7xe7 Nf5xe7
24.Rf1e1 Ne7f5
25.Bc1xf4 Rf8f7
26.Re1e8 Bg7f8
27.Bd3xf5 gxf5
28.Bf4h6 Rf7f6
29.Re8xf8 Rf6xf8
30.Bh6xf8 Kxf8
31.Nf3d4 Bb3d5
32.Nd4xf5 c5
33.Nf5e3 Bd5e6
34.g4 h4
35.f4 Be6b3
36.Kf2 b5
37.Kf3 a5
38.g5 Kg7
39.Kg4 { resign }
1-0

[Event "Eq:Clubul Central de Sah-La Taverne : "]
[Site "www.chess-mail.com"]
[Date "2015.09.29"]
[Round "1"]
[White "Emmanuel69"]
[Black "Rocadamica"]
[WhiteElo "1960"]
[BlackElo "2690"]
[Result "0-1"]
[Round "1"]
1.c4 Ng8f6
2.d4 g6
3.Nb1c3 d5
4.e3 Bf8g7
5.h3 O-O
6.Ng1f3 c5
7.dxc5 dxc4
8.Bf1xc4 Qd8xd1
9.Nc3xd1 Nf6e4
10.O-O Nb8c6
11.Nf3d2 Ne4xc5
12.Nd2b3 Nc6e5
13.Nb3xc5 Ne5xc4
14.Ra1b1 b6
15.Nc5b3 Rf8d8
16.Rf1e1 Bc8f5
17.e4 Bf5xe4
{ resign }
0-1

[Event "Eq:chibcha-Team USA : "]
[Site "www.chess-mail.com"]
[Date "2015.09.29"]
[Round "1"]
[White "Vinvangogh"]
[Black "Vitoriccardo"]
[WhiteElo "1510"]
[BlackElo "1820"]
[Result "0-1"]
[Round "1"]
1.e4 e6
2.d4 d5
3.Nb1c3 Bf8b4
4.a3 Bb4xc3
5.bxc3 dxe4
6.Bf1c4 Ng8f6
7.Ng1e2 O-O
8.d5 exd5
9.O-O dxc4
10.Qd1xd8 Rf8xd8
11.Bc1g5 Nb8c6
12.f4 Bc8g4
13.Ne2g3 Rd8d2
14.h3 Bg4d7
15.f5 Rd2xc2
16.Ng3xe4 Nf6xe4
17.f6 gxf6
18.Bg5h6 Kh8
19.Ra1e1 f5
20.g4 Ra8g8
21.g5 Ne4xg5
22.Bh6xg5 Rg8xg5
23.Kh1 Rg5g2
24.Re1e7 Rg2h2
25.Kg1 Rc2g2

0-1

[Event "Fast Game"]
[Site "www.echecsemail.com"]
[Date "2015.09.29"]
[Round "1"]
[White "Bira47"]
[Black "Thonix15"]
[WhiteElo "1599"]
[BlackElo "1599"]
[Result "1-0"]
[Round "1"]
1.b3 e5
2.Bc1b2 Nb8c6
3.e3 a6
4.g3 d5
5.Bf1g2 Ng8f6
6.h3 Bf8d6
7.Ng1e2 O-O
8.O-O d4
9.exd4 Nc6xd4
10.Ne2xd4 exd4
11.Bb2xd4 c6
12.Bd4b2 Qd8b6
13.d4 Bc8f5
14.c4 Bd6c7
15.c5  { time }
1-0

[Event "Tourn. n8316"]
[Site "www.chess-mail.com"]
[Date "2015.09.30"]
[Round "1"]
[White "Raulazo"]
[Black "Roserl"]
[WhiteElo "1889"]
[BlackElo "1900"]
[Result "1-0"]
[Round "1"]
1.e4 c5
2.Bf1c4 e6
3.Ng1f3 a6
4.Nf3e5 d6
5.Ne5f3 Ng8f6
6.Nb1c3 Bf8e7
7.b3 b5
8.Bc4e2 Bc8b7
9.O-O O-O
10.Bc1b2 Nb8c6
11.d4 cxd4
12.Nc3b1 Nf6xe4
13.Be2d3 Ne4c5
14.Rf1e1 e5
15.c3 dxc3
16.Bb2xc3 Nc5xd3
17.Qd1xd3 h6
18.Nb1d2 Ra8c8
19.a4 b4
20.Bc3b2 Kh8
21.Nd2e4 f5
22.Ne4g3 e4
23.Ng3xe4 fxe4
24.Qd3xe4 Qd8d7
25.Qe4g6 Be7f6
26.Bb2xf6 Rf8xf6
27.Qg6h5 Rc8f8
28.Ra1a2 a5
29.Ra2e2 Qd7f5
30.Qh5h4 Bb7a6
31.Re2e3 Kg8
32.Re3e4 Ba6b7
33.Re4e3 Rf6g6
{ time. }
1-0

[Event "Tourn. n8375"]
[Site "www.chess-mail.com"]
[Date "2015.09.30"]
[Round "1"]
[White "Sontuozio"]
[Black "Xkafi"]
[WhiteElo "2050"]
[BlackElo "2090"]
[Result "1-0"]
[Round "1"]
1.d4 d5
2.Ng1f3 f6
3.Bc1f4 Bc8f5
4.e3 a6
5.c4 e6
6.Qd1b3 b6
7.Qb3a4 Qd8d7
8.Qa4b3 Ng8e7
9.Nb1c3 Ne7g6
10.Bf4g3 Ng6e7
11.Bf1e2 h5
12.h4 Nb8c6
13.cxd5 exd5
14.O-O Ne7g6
15.Nc3xd5 Bf8d6
16.Bg3xd6 Qd7xd6
17.Nd5c3 Bf5g4
18.Nc3e4 Qd6e7
19.Ne4d2 Nc6a5
20.Qb3c2 f5
21.Be2d3 Ng6xh4
22.Nf3xh4 Qe7xh4
23.Qc2xc7 Qh4f6
24.f3 Kf8
25.fxg4 Qf6g5
26.Rf1xf5 Qg5xf5
27.Bd3xf5 { resign }
1-0

[Event "Tourn. n8358"]
[Site "www.chess-mail.com"]
[Date "2015.09.30"]
[Round "1"]
[White "Neo"]
[Black "Llcervello"]
[WhiteElo "1750"]
[BlackElo "1660"]
[Result "0-1"]
[Round "1"]
1.d4 d5
2.e3 e6
3.g3 f5
4.Bf1g2 b6
5.b3 a5
6.c4 c6
7.Ng1f3 Nb8d7
8.Nf3e5 Nd7xe5
9.dxe5 Bc8b7
10.cxd5 cxd5
11.Bc1b2 Bf8b4
12.Nb1d2 Bb7a6
13.a3 Bb4xd2
14.Qd1xd2 Ra8c8
15.Bb2d4 Rc8c6
16.Bg2f3 g6
17.Bf3e2 Ba6xe2
18.Qd2xe2 Qd8c7
19.O-O Rc6c2
20.Qe2b5 Rc2c6
21.Ra1c1 Ng8e7
22.b4 axb4
23.axb4 Kf7
24.Rc1a1 Qc7b7
25.Ra1a6 Rh8b8
26.Ra6a1 Ne7c8
27.Qb5d3 b5
28.Ra1a5 Qb7c7
29.Bd4b2 Rc6c4
30.Qd3a3 Nc8b6
31.Ra5a7 Rb8b7
32.Ra7xb7 Qc7xb7
33.Bb2d4 Rc4c6
34.Qa3a5 Nb6d7
35.Qa5a1 Rc6c4
36.Qa1b1 Qb7a6
37.Qb1b2 Qa6a4
38.Bd4c3 Qa4a6
39.Rf1a1 Qa6c6
40.Ra1c1 Nd7b6
41.Bc3d2 Nb6a4
42.Qb2b3 h5
43.Rc1xc4 dxc4
44.Qb3c2 c3
45.Bd2c1 Qc6c4
46.e4 fxe4
47.Bc1h6 Qc4d4
48.Bh6f4 Qd4xb4
49.Qc2d1 Na4c5
50.Qd1d6 Nc5d3
51.Qd6d7 Qb4e7
52.Qd7xb5 c2
53.Qb5c4 c1Q
54.Bf4xc1 Qe7a7
55.Bc1e3 Qa7a1
56.Kg2 Nd3e1
57.Kh3 Qa1xe5
58.Be3f4 Qe5f5
59.g4 Qf5xg4

0-1

[Event "Tourn. n8383"]
[Site "www.chess-mail.com"]
[Date "2015.09.30"]
[Round "1"]
[White "Bojan"]
[Black "Executive"]
[WhiteElo "1870"]
[BlackElo "1889"]
[Result "1-0"]
[Round "1"]
1.e4 g6
2.d4 Bf8g7
3.c3 d6
4.h3 Ng8f6
5.Qd1f3 O-O
6.Bc1e3 e5
7.Nb1d2 exd4
8.Be3xd4 Nb8c6
9.Bd4e3 Nc6e5
10.Qf3g3 Nf6h5
11.Qg3h2 Bc8d7
12.Bf1e2 Nh5f6
13.Ng1f3 Ne5xf3
14.Be2xf3 Rf8e8
15.h4 h5
16.Be3g5 Qd8c8
17.Qh2f4 Nf6d5
18.Qf4h2 Bg7e5
19.g3 f6
20.Bg5e3 Nd5xe3
21.fxe3 b5
22.Rh1f1 a5
23.Kf2 Kg7
24.Kg1 a4
25.b3  { time }
1-0

[Event "Tourn. n8383"]
[Site "www.chess-mail.com"]
[Date "2015.09.30"]
[Round "1"]
[White "Culiflori"]
[Black "Executive"]
[WhiteElo "1990"]
[BlackElo "1889"]
[Result "1-0"]
[Round "1"]
1.e4 g6
2.d4 Bf8g7
3.Ng1f3 c5
4.dxc5 Qd8a5
5.Bc1d2 Qa5xc5
6.Nb1c3 Nb8c6
7.Bf1e2 d6
8.O-O Bc8g4
9.a3 Ng8f6
10.h3 Bg4xf3
11.Be2xf3 Nc6e5
12.Bd2e3 Ne5xf3
13.Qd1xf3 Qc5c6
14.Be3g5 O-O
15.Qf3d3  { time }
1-0

[Event "Tourn. n8404"]
[Site "www.chess-mail.com"]
[Date "2015.09.30"]
[Round "1"]
[White "Scasan55"]
[Black "Norlavuaram"]
[WhiteElo "2060"]
[BlackElo "2130"]
[Result "1/2-1/2"]
[Round "1"]
1.e4 e5
2.Ng1f3 Nb8c6
3.Bf1b5 a6
4.Bb5xc6 dxc6
5.O-O f6
6.h3 Bc8e6
7.d4 exd4
8.Nf3xd4 Be6f7
9.Rf1e1 c5
10.Nd4f3 Qd8xd1
11.Re1xd1 Ra8d8
12.Rd1xd8 Kxd8
13.Bc1f4 Kc8
14.Nb1c3 Ng8e7
15.Ra1d1 Ne7c6
16.e5 fxe5
17.Nf3xe5 Nc6xe5
18.Bf4xe5 Rh8g8
19.Nc3e4 h6
20.Be5g3 Bf8e7
21.f3 Rg8d8
22.Rd1xd8 Kxd8
23.a3 b6
24.Kf2 Kd7
{ draw }
1/2-1/2